00823nam a2200253Ia 4500003000400000005001700004006001800021007000300039008004100042024001100083037001100094040001800105041001300123100001700136110009500153245010400248260000900352300001800361650002100379700002400400700002600424700002400450700009500474OSt20220930081856.0a|||||r|||| 00| 0ta220926b |||||||| |||| 00| 0 eng d a109205 cTheses aCRLcCRLbeng 2engaeng aDixit Prachi aUniversity of Delhi. Faculty of Medical Sciences. Department of Obstetrics and Gynaecology 0aStudy of laparoscopic findings in infertile women and their relation with chlamydia antibody status c2010 a75p.ap.ccm. aWOMEN - DISEASES a Dr. Manoj Jais Gu. a Dr. Ratna Biswas Gu. a Dr. Usha Gupta Gu. aUniversity of Delhi. Faculty of Medical Sciences. Department of Obstetrics and Gynaecology